000 00952nmc a2200349 a 4500
003 AR-BaBNM
005 20251128210500.0
008 196020s2005 ||||||||||||||000 | spa||
020 _a84-8063-728-5
040 _cAR-BaBNM
245 1 0 _aReevaluar
_bla evaluación reflexiva en la escuela
250 _a1ª ed.
260 _aBarcelona
_bEumo
_bOctaedro
_c2005
300 0 _a147 p.
490 0 _aRecursos
_vv. 59
650 4 _aEVALUACION DEL ALUMNO
650 4 _aEVALUACION DEL CURRICULO
650 4 _aMETODOS DE EVALUACION
650 4 _aPARTICIPACION DEL ALUMNO
650 4 _aFORMACION DE DOCENTES
653 0 _aEDUCACION INICIAL
653 0 _aEDUCACION PRIMARIA
653 0 _aEDUCACION SECUNDARIA
653 0 _aAREAS CURRICULARES
700 1 _aAndrés, I
700 1 _aCastro, Félix de
700 1 _aPuig, Irene de
700 1 _aMoya, Josep Lluís
700 1 _aSátiro, Angélica
942 _cBK
998 _cme-solo cat
999 _c15623
_d15623